000 00402nam a22001577a 4500
005 20251108172403.0
008 250721s1984 xx 000 0 eng d
082 1 4 _aJ/F/KRA
100 1 _aKraft, David Anthony
245 1 4 _aThe fantastic four :
_bThe island of danger /
264 1 _aNew York :
_bMarvel books,
_c1984.
300 _a84p.
650 1 7 _aFiction
942 _2ddc
_cBK
999 _c77941
_d77941